|
|
|
|
| LEADER |
00000nam2a2200000 4500 |
| 001 |
67533 |
| 005 |
20231031073621.0 |
| 035 |
|
|
|a (RuTPU)RU\TPU\book\71901
|
| 090 |
|
|
|a 67533
|
| 100 |
|
|
|a 20040916d2005 k y0rusy50 ca
|
| 101 |
0 |
|
|a rus
|
| 102 |
|
|
|a RU
|
| 105 |
|
|
|a y z 001zy
|
| 200 |
0 |
|
|a Т. 1
|
| 210 |
|
|
|d 2005
|
| 215 |
|
|
|a 365 с.
|
| 320 |
|
|
|a Библиогр.: с. 341-350.
|
| 330 |
|
|
|a Книга посвящена развитию методов потенциала и их применениям в рамках уточненных (в первых порядках приближений относительно классических феноменологических) математических моделей физических полей. В первом томе представлены основные математические результаты. В предполагаемом втором томе будут даны доказательства этих результатов и применения их к классической теории электромагнитного поля, уточненной в первом порядке приближения за счет радиационных поправок квантовой электродинамики, линейной и линеаризованной теориям переноса классических частиц в приближении сумматорных инвариантов, некоторым уточненным в рамках линейных приближений моделям гравитационного поля. Книга может быть рекомендована студентам и аспирантам физико-математических факультетов университетов, научным сотрудникам, работающим в различных областях математической и теоретической физики, геофизики, акустики, оптики, которые желают получить представление о современных направлениях и методах исследований в области математической физики.
|
| 461 |
|
1 |
|0 (RuTPU)RU\TPU\book\104675
|y 5-89545-208-6
|t Обобщенные диффузионные потенциалы
|f В. Р. Кирейтов
|v Т. 1
|d 2005-
|
| 610 |
1 |
|
|a обобщенные диффузионные потенциалы
|
| 610 |
1 |
|
|a обобщенные диффузионные ядра
|
| 610 |
1 |
|
|a полевые операторы
|
| 610 |
1 |
|
|a задачи Дирихле
|
| 610 |
1 |
|
|a обратные задачи
|
| 610 |
1 |
|
|a мера Грина
|
| 610 |
1 |
|
|a элементарный заряд Грина
|
| 801 |
|
1 |
|a RU
|b 63413507
|c 20040916
|g PSBO
|
| 801 |
|
2 |
|a RU
|b 63413507
|c 20060602
|g PSBO
|
| 942 |
|
|
|c BK
|